000
00282nam a2200121Ia 4500
008
190216s9999||||xx |||||||||||||| ||und||
100
_a
Marston Bates
245
0
_a
Man In Nature
260
_b
Prentice Hall Of India Pvt Ltd
_c
1958
300
_a
116p
650
_a
Botany
942
_c
BK
999
_c
1062
_d
1062